|
|
|
|
| LEADER |
00000nab a2200000 a 4500 |
| 001 |
vtls000644594 |
| 003 |
SK-MaSNL |
| 005 |
20260304100113.0 |
| 008 |
250425c1997 xo 0 slo |
| 015 |
|
|
|a SNBRB19rr/mm-uuuuu
|
| 035 |
|
|
|a CL0644733
|
| 035 |
|
|
|a (urnnbn)urn:nbn:sk:snk:ar-006rle
|
| 035 |
|
|
|a (uuid)f2171ed9-3017-400a-b659-5ca33d9deae2
|
| 035 |
|
|
|a urn:nbn:sk:snk-ab8975
|
| 040 |
|
|
|a SNKBUCL
|b slo
|c SNKBUCL
|e AACR2
|
| 041 |
0 |
|
|a slo
|
| 044 |
|
|
|a xo
|c SK
|
| 080 |
|
|
|a 528-051
|2 1981
|
| 080 |
|
|
|a 929 Kolesár, Michal
|2 1981
|
| 245 |
0 |
0 |
|a Ing. Michal Kolesár...[inc.]
|
| 600 |
1 |
7 |
|a Kolesár, Michal,
|d 1942-
|2 snkbucl
|9 235746
|
| 655 |
|
7 |
|a články z novín a časopisov
|2 snkbucl
|9 267496
|
| 773 |
0 |
|
|t Geodetický a kartografický obzor
|g Roč. 43/85, č. 12 (1997), s. 271
|x 0016-7096
|
| 850 |
|
|
|a Slovenská národná knižnica
|
| 852 |
|
|
|a Slovenská národná knižnica
|
| 954 |
|
|
|a odborná, vedecká literatúra pôvodná (slovenská)
|2 lita
|
| 958 |
|
|
|a article9
|
| 958 |
|
|
|a SK
|
| 958 |
|
|
|a BX
|
| 958 |
|
|
|a NX
|
| 958 |
|
|
|a RK
|
| 958 |
|
|
|a OND
|
| 958 |
|
|
|a EUIPO
|
| 992 |
|
|
|a RBX
|
| 999 |
|
|
|c 2836005
|d 2837935
|